[Event "Dyfed op 49th"]
[Site "Fishguard"]
[Date "2020.02.15"]
[Round "3"]
[White "Barnaby, Nicholas MS"]
[Black "Taylor, Robert Graham"]
[Result "1/2-1/2"]
[WhiteElo "1750"]
[BlackElo "1844"]
[PlyCount "129"]
[EventDate "2020.02.14"]
[EventType "swiss"]
[EventRounds "5"]
[EventCountry "WLS"]
[SourceTitle "EXT 2022"]
[Source "ChessBase"]
[SourceDate "2021.10.06"]
[SourceVersion "1"]
[SourceVersionDate "2021.10.06"]
[SourceQuality "1"]

1. d4 f5 2. Qd3 e6 3. e4 fxe4 4. Qxe4 Nf6 5. Qh4 g6 6. Bd3 Bg7 7. Nf3 d6 8. 0-0 c6 9. Bh6 0-0 10. Bxg7 Kxg7 11. Nbd2 Nd5 12. Qxd8 Rxd8 13. c3 Nd7 14. Rfe1 N7f6 15. g3 Nc7 16. Rad1 Rf8 17. Kg2 Bd7 18. Nc4 Nce8 19. Re2 Rd8 20. Rde1 b5 21. Ncd2 Kg8 22. Bc2 Ng7 23. Bb3 a5 24. a3 Bc8 25. Bc2 Bb7 26. Be4 Nfh5 27. Ng5 Nf6 28. Bf3 b4 29. axb4 axb4 30. Nxe6 Nxe6 31. Rxe6 bxc3 32. bxc3 Bc8 33. R6e2 c5 34. Ne4 cxd4 35. Nxf6+ Rxf6 36. Bd5+ Kf8 37. cxd4 Rf5 38. Bc6 Bd7 39. Bxd7 Rxd7 40. Re8+ Kf7 41. Rc8 Rd5 42. Rc4 Ra7 43. Re3 Kf6 44. h4 Rb7 45. g4 h6 46. Kg3 Re7 47. Kf3 Rd7 48. Rb4 Ra5 49. Kg3 g5 50. f4 gxf4+ 51. Kxf4 Ra1 52. d5 Rf1+ 53. Kg3 Rd1 54. Rf4+ Kg7 55. Rf5 Rg1+ 56. Kf4 Ra7 57. Re6 Ra4+ 58. Ke3 Rgxg4 59. Rxd6 Ra3+ 60. Kf2 Rxh4 61. Rd7+ Kg6 62. Rdf7 Rh2+ 63. Kg1 Rd2 64. R7f6+ Kg7 65. Rf7+ 1/2-1/2

[Event "Dyfed op 49th"]
[Site "Fishguard"]
[Date "2020.02.14"]
[Round "1"]
[White "Barnaby, Nicholas MS"]
[Black "Powell, Lloyd"]
[Result "1/2-1/2"]
[WhiteElo "1750"]
[BlackElo "2064"]
[PlyCount "88"]
[EventDate "2020.02.14"]
[EventType "swiss"]
[EventRounds "5"]
[EventCountry "WLS"]
[SourceTitle "EXT 2022"]
[Source "ChessBase"]
[SourceDate "2021.10.06"]
[SourceVersion "1"]
[SourceVersionDate "2021.10.06"]
[SourceQuality "1"]

1. d4 d5 2. c4 c6 3. cxd5 cxd5 4. Nf3 Nf6 5. Nc3 Nc6 6. Bf4 e6 7. e3 Be7 8. h3 0-0 9. Bd3 a6 10. 0-0 b5 11. Rc1 Bb7 12. a4 b4 13. Nb1 Rc8 14. Nbd2 Qb6 15. Nb3 Na5 16. Rxc8 Rxc8 17. Nxa5 Qxa5 18. Ne5 Qb6 19. Qb1 h6 20. Rc1 Rxc1+ 21. Qxc1 b3 22. Qc3 Bd6 23. f3 Qb4 24. Qxb4 Bxb4 25. Be2 g5 26. Bh2 a5 27. Bb5 Kf8 28. Nd3 Be7 29. Bc7 Ne8 30. Bxa5 Nd6 31. Bb4 Nc4 32. Bxe7+ Kxe7 33. Nc5 Nxb2 34. Nxb3 Nd1 35. Nc5 Ba8 36. e4 dxe4 37. fxe4 Nc3 38. Bd3 Kd6 39. Kf2 e5 40. Ke3 Nd1+ 41. Kd2 exd4 42. Nb3 Nc3 43. Nxd4 Nxe4+ 44. Ke3 Nc5 1/2-1/2